000 00844cam a2200301 a 4500
999 _c8187
_d8187
001 8187
003 BD-JhCC
005 20180219111244.0
008 720606s1972 ilua b 001 0 eng
035 _a(BD-JhCC)8187
035 _a1144095
040 _aLC
_cLC
_dNNCU:A
_dBD-JhCC
041 _aeng
050 0 0 _aBF698
_b.M237 1972
082 0 4 _a155.2
_bMAD 1972
100 1 _aMaddi, Salvatore R.
245 1 0 _aPersonality theories :
_ba comparative analysis /
_cSalvatore R. Maddi.
250 _aRev. ed.
260 _aHomewood, Ill. :
_bDorsey Press,
_c1972.
300 _axiv, 669 p. :
_bill. ;
_c24 cm.
490 1 _aThe Dorsey series in psychology
504 _aBibliography: p. 573-608.
650 0 _aPersonality.
650 2 _aPersonality.
830 0 _aDorsey series in psychology.
942 _2ddc
_cBK